|
|
|
|
| LEADER |
01816nam a2200421 i 4500 |
| 001 |
EBC5217426 |
| 003 |
MiAaPQ |
| 005 |
20200520144314.0 |
| 006 |
m o d | |
| 007 |
cr cnu|||||||| |
| 008 |
180209t20182018si ao o 000 0 eng d |
| 020 |
|
|
|z 9789814779258
|
| 020 |
|
|
|a 9789814794213
|q (electronic bk.)
|
| 035 |
|
|
|a (MiAaPQ)EBC5217426
|
| 035 |
|
|
|a (Au-PeEL)EBL5217426
|
| 035 |
|
|
|a (CaPaEBR)ebr11497290
|
| 035 |
|
|
|a (OCoLC)1020026494
|
| 040 |
|
|
|a MiAaPQ
|b eng
|e rda
|e pn
|c MiAaPQ
|d MiAaPQ
|
| 050 |
|
4 |
|a HD53
|b .C453 2018
|
| 082 |
0 |
|
|a 658.4063
|2 23
|
| 100 |
1 |
|
|a Chia, Alvin,
|e author.
|
| 245 |
1 |
0 |
|a Hackathons unboxed :
|b a field guide to ideating, leading and winning /
|c Alvin Chia ; with foreword by Neal Cross.
|
| 264 |
|
1 |
|a Singapore :
|b Marshall Cavendish Business,
|c 2018.
|
| 264 |
|
4 |
|c 2018
|
| 300 |
|
|
|a 1 online resource (134 pages) :
|b illustrations (some color), photographs
|
| 336 |
|
|
|a text
|2 rdacontent
|
| 337 |
|
|
|a computer
|2 rdamedia
|
| 338 |
|
|
|a online resource
|2 rdacarrier
|
| 588 |
|
|
|a Description based on online resource; title from PDF title page (EBC, viewed February 9, 2018).
|
| 590 |
|
|
|a Electronic reproduction. Ann Arbor, MI : ProQuest, 2016. Available via World Wide Web. Access may be limited to ProQuest affiliated libraries.
|
| 650 |
|
0 |
|a Creative ability in business.
|
| 650 |
|
0 |
|a Technological innovations.
|
| 650 |
|
0 |
|a New products.
|
| 655 |
|
4 |
|a Electronic books.
|
| 700 |
1 |
|
|a Cross, Neal,
|e writer of foreword.
|
| 776 |
0 |
8 |
|i Print version:
|a Chia, Alvin.
|t Hackathons unboxed : a field guide to ideating, leading and winning.
|d Singapore : Marshall Cavendish Business, c2018
|h approximately 134 pages
|z 9789814779258
|
| 797 |
2 |
|
|a ProQuest (Firm)
|
| 856 |
4 |
0 |
|u https://ebookcentral.proquest.com/lib/matrademy/detail.action?docID=5217426
|z Click to View
|